000 00287nam a2200121 a 4500
008 101208s1979|||| d
245 1 0 _aTvorivosť, tvar, farba
044 _axo
_cSK
041 _aslo
100 1 _aPrette, M.C.
260 _bMladé letá
_aBratislava
_c1979
020 _c165
999 _c14880
_d14880